000 00471nam a22001817a 4500
003 NUST - PNEC
005 20170116180821.0
008 150617b xxu||||| |||| 00| 0 eng d
020 _a-
040 _cLIBRARY
082 _a510 HAN
100 _94087
_aHancox D. J
245 _aBasic mathematics for engineers
_cD. J. Hancox
260 _aLondon
_bMcgraw-Hill publishing company
_cc1966.
300 _a194 p. :
650 _94088
_aMathematics
_xME
942 _2ddc
_cBK
999 _c63725
_d63725